000
00300nam a22001337a 4500
020
_a
978-93-86025-24-1
082
_a
894.812
_b
RAJ/V
100
_a
RAJI, T
245
_a
VARUMANNAM INI VEETTILIRUNNU
260
_a
KOTTAYAM
_b
MANORAMA BOOKS
_c
2016
300
_a
126
650
_a
GK
_z
KERALA
942
_c
BK
999
_c
7127
_d
7127